00422nam a22001217a 4500008004100000082001900041110000900060245012900069250001200198260003400210300001500244650004100259200804b ||||| |||| 00| 0 eng d00a341.7566bI325 aIMCO10aInternational Conference on Safety of Life at Sea, 1974, with amendments approve in 1978,1981,1983,1988, text and comments / a1st ed. aBombay: bBhandarkar, c1990. axv, 383 p. 0aShips--Safety regulations,Conference